|
|
|
|
| LEADER |
00000nbm0a2200000 4500 |
| 001 |
322464 |
| 005 |
20231102003458.0 |
| 035 |
|
|
|a (RuTPU)RU\TPU\book\348023
|
| 090 |
|
|
|a 322464
|
| 100 |
|
|
|a 20160928d1979 k y0rusy50 ca
|
| 101 |
0 |
|
|a rus
|
| 102 |
|
|
|a RU
|
| 105 |
|
|
|a a m 001zy
|
| 200 |
1 |
|
|a Исследование жесткости и рассеяния энергии в сочленениях конструкций при внецентренном действии сжимающих и сдвигающих сил
|e диссертация на соискание ученой степени кандидата технических наук
|e спец. 01.02.06
|f И. Н. Темник
|g Томский политехнический институт (ТПИ) ; науч. рук. В. И. Максак
|
| 210 |
|
|
|a Томск
|c [Б. и.]
|d 1979
|
| 215 |
|
|
|a 155 л.
|c ил.
|
| 320 |
|
|
|a Библиогр.: с. 135-148 (127 назв.)
|
| 606 |
1 |
|
|a Детали машин
|x Контактная жесткость
|2 stltpush
|3 (RuTPU)RU\TPU\subj\9244
|9 36520
|
| 610 |
1 |
|
|a твердые тела
|
| 610 |
1 |
|
|a контактные взаимодействия
|
| 610 |
1 |
|
|a контактные перемещения
|
| 610 |
1 |
|
|a исследование
|
| 610 |
1 |
|
|a плоские стыки
|
| 610 |
1 |
|
|a энергия
|
| 610 |
1 |
|
|a рассеяние
|
| 610 |
1 |
|
|a цилиндрические соединения
|
| 610 |
1 |
|
|a резьбовые соединения
|
| 610 |
1 |
|
|a сочленения
|
| 610 |
1 |
|
|a диссертации
|
| 675 |
|
|
|a 621.81:539.4(04)
|v 4
|
| 686 |
|
|
|a 01.02.06
|2 oksvnk
|
| 700 |
|
1 |
|a Темник
|b И. Н.
|g Ирина Николаевна
|
| 702 |
|
1 |
|a Максак
|b В. И.
|4 727
|
| 712 |
0 |
2 |
|a Томский политехнический институт (ТПИ)
|c (1944-1991)
|2 stltpush
|3 (RuTPU)RU\TPU\col\1123
|
| 801 |
|
1 |
|a RU
|b 63413507
|c 20160928
|
| 801 |
|
2 |
|a RU
|b 63413507
|c 20190620
|g RCR
|
| 942 |
|
|
|c BK
|